Les 3 pays par continent les plus proches de l'Australie - Statistiques

Statistiques générales
  • Ce quiz a été pris 218 fois
    197 depuis la dernière actualisation
  • Le résultat moyen est 10 sur 15
Statistiques - réponses
Pays Afrique % Correct
1 Chili
86%
1 Etats-Unis
86%
3 Mexique
85%
2 Argentine
81%
2 Canada
81%
2 Indonésie
79%
2 Grèce
72%
3 Madagascar
72%
3 Uruguay
53%
2 Seychelles
47%
1 Comores
46%
1 Turquie
46%
3 Bulgarie
45%
3 Philippines
39%
1 Timor Oriental
38%
Aucun quiz correspondant
Distribution des résultats
% des personnes avec chaque résultat
Percentile par nombre de réponses
Votre historique - résultats
Vous n’avez pas pris ce quiz depuis la dernière actualisation